| 000 | 00600nam a2200205 i 4500 | ||
|---|---|---|---|
| 001 | 135295 | ||
| 003 | ES-MaACL | ||
| 005 | 20230906194842.0 | ||
| 007 | t| | ||
| 008 | 070716s1972 sp |||| | cat d | ||
| 080 | _a796.52 | ||
| 100 | 1 |
_aTodo, Manuel. _9110410 |
|
| 245 | 1 | 0 |
_aMuntanya endins _b: confessions de d'un escalador / _cManuel Todo ; pròleg de Miquel Estradé. |
| 260 |
_aBarcelona, _c1972 ( _fImp. Montserrat) |
||
| 300 |
_a75 p. ; _c17 cm. |
||
| 650 | 4 |
_aMontañismo. _9139850 |
|
| 650 | 4 |
_aEscalada. _9151312 |
|
| 700 | 1 |
_aEstradé, Miquel. _948237 |
|
| 852 |
_aES-MaACL _jC-54481 |
||
| 999 |
_c135295 _d135295 |
||